|
|
|
|
| LEADER |
00991nam a2200253 a 4500 |
| 008 |
100314s1999 enk b 000 0 eng d |
| 020 |
|
|
|a 1853260002 (alk. paper)
|
| 040 |
|
|
|a BD-DhAAL
|c BD-DhAAL
|
| 082 |
0 |
0 |
|a 823/.7
|2 21
|
| 100 |
1 |
|
|a Austen, Jane.
|
| 245 |
1 |
0 |
|a Pride and prejudice /
|c Jane Austen ;Introduction and notes by Ian Littlewood.
|
| 260 |
|
|
|a Hertfordshire :
|a Wordsworth:
|b Prentice Hall,
|c 1999.
|
| 300 |
|
|
|a xvi, 269 p. ;
|c 20 cm.
|
| 490 |
0 |
|
|a Wordsworth classics.
|
| 504 |
|
|
|a Includes bibliographical references.
|
| 541 |
1 |
|
|e 00011953
|
| 650 |
|
0 |
|a Social classes
|v Fiction.
|
| 650 |
|
0 |
|a Young women
|v Fiction.
|
| 650 |
|
0 |
|a Courtship
|v Fiction.
|
| 650 |
|
0 |
|a Sisters
|v Fiction.
|
| 651 |
|
0 |
|a England
|v Fiction.
|
| 852 |
4 |
|
|a Ayesha Abed Library
|j General Shelf
|
| 999 |
|
|
|c 7776
|d 7776
|
| 952 |
|
|
|0 0
|1 0
|2 ddc
|4 0
|6 823_700000000000000_AUS
|7 0
|9 8609
|a BRACUL
|b BRACUL
|c GEN
|d 2010-03-16
|l 31
|m 173
|o 823.7 AUS
|p 3010011953
|q 2025-10-28
|r 2024-01-22
|s 2024-01-22
|t 1
|w 2010-03-16
|y BK
|x Koha Inventory 2020
|